00390nam a2200145Ia 4500003000400000008004100004040001600045082001300061100001700074245005900091260003400150300001000184650002800194650002200222GCL140319s9999 xx 000 0 eng d aGCL / cGCL04a327bB U1 aBRAWN, CHRIS10aUNDERSTANDING INTERNATIONAL RELATIONS / cBRAWN, CHRIS a[S.N] : bMACMILLAN ، c1997 a272 P04aINTERNATIONAL RELATIONS04aFOREIGN RELATIONS